Biblioteca da Unidade Pastoral de Sintra

O Pai-Nosso (Registo nº 3734)

000 -Record Label
fixed length control field 00630cam a2200241 4500
003 - Persistent Record Identifier
control field http://id.bnportugal.gov.pt/bib/porbase/1080687
005 - Version Identifier
control field 20200419184956.0
010 ## - International Standard Book Number (ISBN)
Number (ISBN) 9729688788
021 ## - Legal Deposit Number
Country Code PT
Number 171495/01
035 ## - Other System Control Numbers
System Control Number (bn)1080687
100 ## - General Processing Data
General Processing Data 20020405d2000 ma y0pory5003 ba
105 ## - Coded Data Field: Textual Material, Monographic
Monograph Coded Data a z 001yy
106 ## - Coded Data Field: Textual Material - Physical Attributes
Textual Material Coded Data Physical Medium Designator r
200 1# - Title and Statement of Responsibility
Title Proper O Pai-Nosso
Other Title Information tintim por tintim
First Statement of Responsibility Pe. Joãozinho, SCJ
210 ## - Publication, Distribution, etc.
Place of Publication, Distribution, etc. Lisboa
Name of Publisher, Distributor, etc. Pneuma, 2ªed.
Date of Publication, Distribution, etc. cop. 2000
215 ## - Physical Description
Specific Material Designation and Extent of Item 39 p
Other Physical Details il.
Dimensions 17 cm
600 ## - Personal Name Used as Subject
Entry Element Pe. Joãozinho,
601 ## - Corporate Body Name Used as Subject
Entry Element Pneuma
675 ## - Universal Decimal Classification (UDC)
Number 27-29
Edition BN
Language of Edition por
700 #0 - Personal Name - Primary Responsibility
Entry Element Joãozinho
Additions to Names Other than Dates Padre
090 ## - System Control Numbers (Koha)
Koha biblioitem number (autogenerated) 3734
942 ## - ADDED ENTRY ELEMENTS (KOHA)
Koha item type Books
Exemplares
Origin of item (home branch) (free text) Type of item and material Lost status Lending or holding organisation (holding branch) code Call number (full call number) Withdrawn status Origin of item (home branch (coded) Barcode Coded location qualifier Circulation type (not for loan)
UPSBooks Biblioteca da Unidade Pastoral de Sintra248.159 JOÃ 3335 Biblioteca da Unidade Pastoral de Sintra33352020-04-19 

Powered by Koha